<?xml version="1.0" encoding="UTF-8"?>
<record
    xmlns:xsi="http://www.w3.org/2001/XMLSchema-instance"
    xsi:schemaLocation="http://www.loc.gov/MARC21/slim http://www.loc.gov/standards/marcxml/schema/MARC21slim.xsd"
    xmlns="http://www.loc.gov/MARC21/slim">

  <leader>05188cam a2200361 a 4500</leader>
  <controlfield tag="001">7689696</controlfield>
  <controlfield tag="003">OSt</controlfield>
  <controlfield tag="005">20210414114440.0</controlfield>
  <controlfield tag="006">m        d        </controlfield>
  <controlfield tag="007">cr  n         </controlfield>
  <controlfield tag="008">080411s2008    dcua    sb   i001 0 eng d</controlfield>
  <datafield tag="020" ind1=" " ind2=" ">
    <subfield code="a">9780821375228 (print)</subfield>
  </datafield>
  <datafield tag="020" ind1=" " ind2=" ">
    <subfield code="a">0821375229 (print)</subfield>
  </datafield>
  <datafield tag="020" ind1=" " ind2=" ">
    <subfield code="a">9780821375235 (electronic)</subfield>
  </datafield>
  <datafield tag="020" ind1=" " ind2=" ">
    <subfield code="a">0821375237 (electronic)</subfield>
  </datafield>
  <datafield tag="035" ind1=" " ind2=" ">
    <subfield code="a">(WaSeSS)ssj0000086299</subfield>
  </datafield>
  <datafield tag="040" ind1=" " ind2=" ">
    <subfield code="a">DLC</subfield>
    <subfield code="c">DLC</subfield>
    <subfield code="d">YDX</subfield>
    <subfield code="d">BAKER</subfield>
    <subfield code="d">BTCTA</subfield>
    <subfield code="d">YDXCP</subfield>
    <subfield code="d">CDX</subfield>
    <subfield code="d">DLC</subfield>
    <subfield code="d">WaSeSS</subfield>
  </datafield>
  <datafield tag="050" ind1=" " ind2="4">
    <subfield code="a">HD76.M44</subfield>
    <subfield code="b"> </subfield>
  </datafield>
  <datafield tag="100" ind1="1" ind2=" ">
    <subfield code="a">Mefalopulos, Paolo.</subfield>
  </datafield>
  <datafield tag="210" ind1="1" ind2="0">
    <subfield code="a">Development communication sourcebook</subfield>
  </datafield>
  <datafield tag="245" ind1="1" ind2="0">
    <subfield code="a">Development communication sourcebook: Broadening the boundaries of communication. /</subfield>
    <subfield code="c">Paolo Mefalopulos.</subfield>
  </datafield>
  <datafield tag="260" ind1=" " ind2=" ">
    <subfield code="a">Washington, D.C. :</subfield>
    <subfield code="b">World Bank,</subfield>
    <subfield code="c">c2008.</subfield>
  </datafield>
  <datafield tag="300" ind1=" " ind2=" ">
    <subfield code="a">xx, 244p.:ills</subfield>
    <subfield code="c">24cm</subfield>
  </datafield>
  <datafield tag="500" ind1=" " ind2=" ">
    <subfield code="a">Includes bibliographical references and index.</subfield>
  </datafield>
  <datafield tag="505" ind1=" " ind2=" ">
    <subfield code="a">Contents : The Value-added of development communication -- What Communication? -- The Values-added of development communication in programs and projects -- Ten key issues about (development) communication -- Understanding the scope and uses of development communication -- The Operation framework of the development communication division  -- Summary of main point in module 1 -- Notes -- References -- Reflections on the theory and practice of development communication -- Setting common ground on key terminology -- Development and communication: an overview -- A different take on development communication applications -- Combining theory with practice: the multitrack model -- Summary of main point in module 2 -- Notes -- References -- Development communication methodological framework - and Application -- Principles and methodology fundamentals of the four-phase framework -- Phase 1- communication-based assessment -- Communication-based assessment toolbox -- Phase 2 -communication strategy design -- Communication strategy design toolbox -- Phase 3- implementing the communication program -- Communication toolbox for implementation -- Phase 4- communication for monitoring and evaluation -- Summary of main point in model 3 -- Notes -- References -- Development communication service and operations at the world bank -- Introduction: development communication services and experience at the world bank -- Part i: Devcomm scope and service lines -- The development communication division scope and service line -- Notes -- Part ii: The world of practice: some experiences -- Development communication to fight poverty through poverty reduction strategy papers -- Notes -- Community radio: Supporting local voice through the airwaves -- Notes -- Disability and development:what role for communication? -- Notes -- How a multilateral institution build capacity in strategic communication -- Notes -- Assessing the impact of development communication -- Notes -- Summary of point in module 4 -- Appendix the rome consensus -- Glossary -- Index -- Boxes -- Getting result through interpersonal communication methods -- A typology of participation in development -- Initiatives -- Comparing and contracting CNA and CBA -- When a perfectly appropriate technical solution does not make much sense -- The importance of the first mile -- A Different use of video -- Communication to inform and change behavior -- The world congress on communication for development (WCCD) -- The Power of participatory communication for social change -- When perceptions diverge -- Addressing the correct communication entry point or level -- A communication road map to change -- Evaluating the performance of communication in public sector reforms -- Community radio in community-driven development projects: Kenya,Ghana and Sri Lanka -- Communication radio and women's participation: timor-leste -- Community radio in disaster management aceh,Indonesia -- Windows of perception in an agricultural project -- Mice reconstructing an image of a cow -- Devcomm methodological framework -- The multitrack communication -- The process pyramid -- Devcomm methodological framework -- Windows of perception in a software innovation -- Using communication materials to facilitate dialog -- The communication program design and implementation process -- Dev comm portfolio in FY04 and FY06 -- Basic phase of a communication -- Link between communication program and project cycle -- Dev comm portfolio by sector in march 2006 -- Common types of communication in development organizations -- Basic features of communication modes -- Basic differences in the two communication modes -- Levels of participation and communication -- The johari window -- CBA main steps -- Defining the objective -- Main steps of communication strategy design -- The communication action plan -- Step in developing a communication plan for PRSPs.            </subfield>
  </datafield>
  <datafield tag="506" ind1=" " ind2=" ">
    <subfield code="a">License restrictions may limit access.</subfield>
  </datafield>
  <datafield tag="650" ind1=" " ind2="0">
    <subfield code="a">Communication in economic development.</subfield>
  </datafield>
  <datafield tag="710" ind1="2" ind2=" ">
    <subfield code="a">World Bank.</subfield>
  </datafield>
  <datafield tag="773" ind1=" " ind2="0">
    <subfield code="t">Open Knowledge Repository</subfield>
  </datafield>
  <datafield tag="856" ind1="4" ind2="0">
    <subfield code="u">http://www.columbia.edu/cgi-bin/cul/resolve?clio7689696</subfield>
    <subfield code="z">Full text available from Open Knowledge Repository</subfield>
  </datafield>
  <datafield tag="910" ind1=" " ind2=" ">
    <subfield code="a">Library of Congress record</subfield>
  </datafield>
  <datafield tag="942" ind1=" " ind2=" ">
    <subfield code="2">lcc</subfield>
    <subfield code="c">BK</subfield>
  </datafield>
  <datafield tag="999" ind1=" " ind2=" ">
    <subfield code="c">5417</subfield>
    <subfield code="d">12917</subfield>
  </datafield>
  <datafield tag="952" ind1=" " ind2=" ">
    <subfield code="0">0</subfield>
    <subfield code="1">0</subfield>
    <subfield code="2">lcc</subfield>
    <subfield code="4">0</subfield>
    <subfield code="7">0</subfield>
    <subfield code="a">WIUC-1</subfield>
    <subfield code="b">WIUC-1</subfield>
    <subfield code="c">SPECIAL REF</subfield>
    <subfield code="d">2015-02-16</subfield>
    <subfield code="l">0</subfield>
    <subfield code="o">HD76 .M44 </subfield>
    <subfield code="p">7825/252/15</subfield>
    <subfield code="r">2015-02-16 00:00:00</subfield>
    <subfield code="t">1</subfield>
    <subfield code="w">2015-02-16</subfield>
    <subfield code="y">BK</subfield>
  </datafield>
  <datafield tag="952" ind1=" " ind2=" ">
    <subfield code="0">0</subfield>
    <subfield code="1">0</subfield>
    <subfield code="2">lcc</subfield>
    <subfield code="4">0</subfield>
    <subfield code="7">0</subfield>
    <subfield code="a">WIUC-1</subfield>
    <subfield code="b">WIUC-1</subfield>
    <subfield code="c">SPECIAL REF</subfield>
    <subfield code="d">2019-07-23</subfield>
    <subfield code="l">0</subfield>
    <subfield code="o">HD76.M441</subfield>
    <subfield code="p">7814/241/14</subfield>
    <subfield code="r">2019-07-23 00:00:00</subfield>
    <subfield code="t">2</subfield>
    <subfield code="w">2019-07-23</subfield>
    <subfield code="y">BK</subfield>
  </datafield>
</record>
